000 00527nam a2200193Ia 4500
005 20250326144117.0
008 250326s9999 xx 000 0 und d
037 _aTextbook
040 _aFMSL
_beng
_cFMSL
041 _aeng
_2eng
084 _aO1113N4 N9
_qFMSL
100 _aYunus Muhamad
_9749050
245 0 _aBanker to Poor: Stopry of the Grameen Bank
_cYunus Muhamad
260 _aNY
_bNY, Penguin
_c2007
365 _b399
650 _aNovel
942 _cTB
_hO1113N4 N9
999 _c1302397
_d1302397